| 000 | 00454nam a2200181Ia 4500 | ||
|---|---|---|---|
| 008 | 180207s9999 xx 000 0 und d | ||
| 020 | _a9780531085546 | ||
| 050 | _bG111 1991 | ||
| 100 | _aJames, Betsy | ||
| 245 | _aHe wakes me / | ||
| 245 | _cby Betsy James ; illustrated by Helen K. Davie. | ||
| 260 | _aNew York : | ||
| 260 | _bOrchard Books, | ||
| 260 | _c1991 | ||
| 300 | _aunpaged : | ||
| 300 | _bcolor illustrations ; | ||
| 300 | _c26cm. | ||
| 999 |
_c355829 _d355829 |
||